| 000 | 00735nam a2200217 a 4500 | ||
|---|---|---|---|
| 001 | 000017551 | ||
| 003 | DO-SdBNP | ||
| 005 | 20241030102313.0 | ||
| 008 | 100326s1990 dr 000 0 spa d | ||
| 040 |
_aDO-SdBNP _bspa _cBNPHU |
||
| 049 | _aBNPD | ||
| 082 |
_axxx _bC766m |
||
| 245 | 0 | 0 |
_aConversatorios : _bel menor en circunstancias especialmente difíciles. |
| 260 |
_aSanto Domingo : _bONAPLAN : _bUNICEF : _bINTEC, _c1990. |
||
| 300 |
_a237 p. ; _c20 cm. |
||
| 500 | _aInforme marzo- agosto 1989 | ||
| 710 | 1 |
_aRepublica Dominicana. _bOficina Nacional de Planificación. _970392 |
|
| 710 |
_aFondo de las Naciones Unidas para la Infancia _99270 |
||
| 710 | 2 |
_aInstituto Tecnológico de Santo Domingo _978911 |
|
| 942 |
_2ddc _cLBS1 |
||
| 999 |
_c17076 _d17076 |
||